Hàng hóa lưu thông trên thị trường cần hóa đơn, chứng từ gì?
Nội dung sách giới thiệu cho các tổ chức cá nhân doanh nghiệp khi lưu thông hàng hóa lưu thông trên thị trường cần hóa đơn, chứng từ nào la hợp lệ.
Guardado en:
| Autor principal: | |
|---|---|
| Formato: | Libro |
| Lenguaje: | Undetermined |
| Publicado: |
Hà Nội
Thống Kê
2001
|
| Materias: | |
| Etiquetas: |
Agregar Etiqueta
Sin Etiquetas, Sea el primero en etiquetar este registro!
|
| Thư viện lưu trữ: | Trung tâm Học liệu Trường Đại học Cần Thơ |
|---|
| LEADER | 00882nam a2200217Ia 4500 | ||
|---|---|---|---|
| 001 | CTU_44217 | ||
| 008 | 210402s9999 xx 000 0 und d | ||
| 020 | |c 24000 | ||
| 082 | |a 343.59704 | ||
| 082 | |b Ch121 | ||
| 100 | |a Lê, Văn Chấn | ||
| 245 | 0 | |a Hàng hóa lưu thông trên thị trường cần hóa đơn, chứng từ gì? | |
| 245 | 0 | |c Lê Văn Chấn | |
| 260 | |a Hà Nội | ||
| 260 | |b Thống Kê | ||
| 260 | |c 2001 | ||
| 520 | |a Nội dung sách giới thiệu cho các tổ chức cá nhân doanh nghiệp khi lưu thông hàng hóa lưu thông trên thị trường cần hóa đơn, chứng từ nào la hợp lệ. | ||
| 650 | |a Taxation (Vietnamese law),Taxation | ||
| 650 | |x Law and legislation | ||
| 904 | |i Minh, QHieu | ||
| 980 | |a Trung tâm Học liệu Trường Đại học Cần Thơ | ||